000 00662nam a2200205Ii 4500
003 JO-AjNU
008 230605s9999||||xx |||||||||||||| ||und||
017 _a5519
040 _aJO-AjNU
_bara
_erda
_cJO-AjNU
041 _aara
050 1 4 _aSF239.A43
100 3 _aاسماعيل، امين واخرون ,
_eauthor
_938443
245 0 0 _a الألبان
264 3 1 _aالاسكندرية:دار المطبوعات الجديدة ، 1900
300 _a464ص
_bصور توضيحية
336 _atext
_btxt
_2rdacontent
337 _aunmediated
_bn
_2rdamedia
338 _avolume
_bnc
_2rdacarrier
650 4 _aاللبن-منتجات الالبان
_938444
999 _aA16152
_c19720
_d19720